[Event "Superettan(Kamraterna-Vasteras II)"]
[Site "?"]
[Date "2019.10.19"]
[Round "2"]
[White "Norberg, Erik"]
[Black "Hamark, Jesper"]
[Result "0-1"]
[WhiteElo "2257"]
[BlackElo "2361"]
[PlyCount "112"]
1. c4 Nf6 2. g3 c6 3. Nf3 d5 4. cxd5 cxd5 5. Bg2 Nc6 6. O-O Bg4 7. b3 e6 8. Bb2
Be7 9. d3 O-O 10. Qd2 Rc8 11. Nc3 e5 12. Rac1 Re8 13. h3 Bh5 14. g4 Bg6 15. d4
e4 16. Ne5 Bb4 17. Nxg6 hxg6 18. e3 Ne7 19. a3 Bd6 20. f3 exf3 21. Bxf3 g5 22.
Qg2 Ng6 23. Nxd5 Rxc1 24. Bxc1 Nh4 25. Nxf6+ gxf6 26. Qf2 Bc7 27. e4 Bb6 28.
Be3 Bxd4 29. Bxd4 Nxf3+ 30. Qxf3 Qxd4+ 31. Kg2 Re6 32. Rf2 Rc6 33. Qf5 Kg7 34.
Qd5 Qe3 35. Qd2 Qxe4+ 36. Kh2 Qe5+ 37. Kg2 Rd6 38. Qc2 Qd5+ 39. Kh2 Qe5+ 40.
Kg2 Re6 41. Qf5 Qc3 42. Qc2 Re3 43. Qxc3 Rxc3 44. Rf3 Rxf3 45. Kxf3 Kg6 46. Ke4
f5+ 47. gxf5+ Kf6 48. b4 b5 49. Kd5 Kxf5 50. Kc5 Ke4 51. Kxb5 f5 52. Ka6 f4 53.
Kxa7 f3 54. b5 f2 55. b6 f1=Q 56. b7 Qa1 0-1

[Event "Superettan(Orgryte-Rockaden,Sthlm II)"]
[Site "?"]
[Date "2019.10.19"]
[Round "2"]
[White "Pham, Bich Ngoc"]
[Black "Engqvist, Thomas"]
[Result "0-1"]
[WhiteElo "2244"]
[BlackElo "2325"]
[PlyCount "104"]
[SourceDate "2019.10.31"]
1. g3 d5 2. f4 c5 3. Nf3 g6 4. Bg2 Bg7 5. d3 Nc6 6. O-O Nf6 7. c3 O-O 8. Qe1 d4
9. Na3 Nd5 10. Bd2 Bg4 11. e4 dxe3 12. Bxe3 Nb6 13. Qd2 Nd7 14. Ng5 Bf5 15. h3
h6 16. Nf3 h5 17. Nh4 e6 18. Nxf5 exf5 19. Bxc6 bxc6 20. Qf2 Re8 21. Rad1 Bf8
22. Nc4 Qc7 23. Rd2 Re6 24. Kh1 Rae8 25. Rg1 Qd8 26. g4 hxg4 27. hxg4 Nf6 28.
gxf5 Qd5+ 29. Kh2 Qxf5 30. Ne5 Bh6 31. Re2 Nd5 32. d4 Nxe3 33. Rxe3 Qxf4+ 34.
Kg2 Qxf2+ 35. Kxf2 Bxe3+ 36. Kxe3 f6 37. Rxg6+ Kh7 38. Rg4 cxd4+ 39. cxd4 fxe5
40. dxe5 Rxe5+ 41. Kd3 Rd5+ 42. Kc4 Ra5 43. a3 Ra4+ 44. b4 Rxa3 45. Kc5 a5 46.
bxa5 Rxa5+ 47. Kxc6 Re6+ 48. Kb7 Rf5 49. Kc7 Rf7+ 50. Kd8 Ra6 51. Ke8 Rb7 52.
Rh4+ Kg6 0-1

[Event "Superettan(Kungstornet-Alingsas)"]
[Site "?"]
[Date "2019.10.19"]
[Round "2"]
[White "von Bahr, Oskar"]
[Black "Winsnes, Rikard"]
[Result "1-0"]
[WhiteElo "2395"]
[BlackElo "2375"]
[PlyCount "127"]
1. e4 c5 2. Nf3 d6 3. Bb5+ Bd7 4. Bxd7+ Nxd7 5. O-O Ngf6 6. d3 g6 7. c4 Bg7 8.
Nc3 a6 9. a3 O-O 10. Rb1 Rc8 11. h3 Nb8 12. Bg5 h6 13. Be3 Kh7 14. Qd2 Qd7 15.
b4 cxb4 16. Rxb4 Nc6 17. Rb6 Nd8 18. Rfb1 Rc6 19. R6b3 Rc8 20. Bb6 Nc6 21. Nd5
g5 22. Be3 Rb8 23. Nxf6+ Bxf6 24. d4 Rfc8 25. d5 Ne5 26. Nxe5 Bxe5 27. Qe2 b5
28. cxb5 axb5 29. Rxb5 Rxb5 30. Qxb5 Qxb5 31. Rxb5 Rc2 32. Kf1 Ra2 33. Ra5 Kg6
34. g4 e6 35. dxe6 fxe6 36. Kg2 Bf6 37. Ra6 Kf7 38. Ra7+ Kg6 39. Ra6 Kf7 40.
Ra7+ Kg6 41. Kf3 d5 42. exd5 exd5 43. Bc5 Rc2 44. Bb6 Rc6 45. Be3 Rc2 46. Ra6
Kf7 47. Ba7 Rc3+ 48. Kg2 Rc7 49. a4 d4 50. Kf3 Rc3+ 51. Ke4 Rxh3 52. f3 d3 53.
Rd6 Rh2 54. Kxd3 Ra2 55. Ra6 Bd8 56. Bd4 Be7 57. Bc3 Ra3 58. Kc4 Ra2 59. a5 Rf2
60. Rxh6 Rxf3 61. a6 Bc5 62. Rf6+ Rxf6 63. Bxf6 Ba7 64. Bd4 1-0

[Event "Superettan(Kamraterna-Vasteras II)"]
[Site "?"]
[Date "2019.10.19"]
[Round "2"]
[White "Svenn, Gosta"]
[Black "Eriksson, Anders"]
[Result "1-0"]
[WhiteElo "2285"]
[BlackElo "2237"]
[PlyCount "137"]
1. c4 c5 2. Nf3 g6 3. e4 Bg7 4. d4 Na6 5. d5 d6 6. Be2 Bg4 7. O-O Bxf3 8. Bxf3
Nf6 9. Nc3 O-O 10. Bg5 Nd7 11. Qd2 Nc7 12. Bh6 Bxh6 13. Qxh6 e5 14. Bg4 Nf6 15.
Be2 Qe7 16. h4 Kh8 17. g3 Ng8 18. Qe3 f5 19. f4 fxe4 20. Nxe4 Rfe8 21. Bd3 Nf6
22. Ng5 Qg7 23. Rae1 h6 24. Nh3 e4 25. Be2 b5 26. b3 bxc4 27. bxc4 Rab8 28. Rb1
Rb6 29. Nf2 Kh7 30. Rb3 Qe7 31. Rd1 Ra6 32. Rd2 Na8 33. Nd1 Nb6 34. Nc3 Qd7 35.
Kg2 Na4 36. Nb5 Nb6 37. Nc3 h5 38. Rdb2 Re7 39. Rd2 Qf5 40. Nb5 Qd7 41. a3 Nc8
42. Rd1 Rb6 43. Rdb1 Qf5 44. Nc3 Reb7 45. Rb5 Rxb5 46. Rxb5 Re7 47. a4 Qd7 48.
Nd1 a6 49. Rb8 Qc7 50. Rb1 Qa5 51. Qc3 Qxc3 52. Nxc3 Nd7 53. Rb7 Kg8 54. Rc7
Ndb6 55. Rc6 a5 56. g4 hxg4 57. Bxg4 Re8 58. Be6+ Kf8 59. Nxe4 Ke7 60. Kg3 Rh8
61. Kg4 Nd7 62. Rc7 Ncb6 63. Bxd7 Nxd7 64. Nf6 Kxf6 65. Rxd7 Rb8 66. Rxd6+ Kf7
67. Rc6 Rb4 68. Rxc5 Rxa4 69. Kg5 1-0

[Event "Superettan(Orgryte-Rockaden,Sthlm II)"]
[Site "?"]
[Date "2019.10.19"]
[Round "2"]
[White "Kenneskog, Theodor"]
[Black "Le, Quang Long"]
[Result "0-1"]
[WhiteElo "2278"]
[BlackElo "2415"]
[PlyCount "80"]
1. d4 Nf6 2. c4 e6 3. Nf3 c5 4. d5 exd5 5. cxd5 d6 6. e4 g6 7. Bd3 Bg7 8. O-O
O-O 9. Nc3 Bg4 10. h3 Bxf3 11. Qxf3 Nbd7 12. Qd1 Re8 13. Re1 Rc8 14. Bf4 c4 15.
Bc2 Qb6 16. Be3 Qa5 17. Bd4 a6 18. g3 b5 19. a3 Qc7 20. Kg2 Qb7 21. Qd2 Nc5 22.
f3 Nfd7 23. Bxg7 Kxg7 24. h4 h5 25. Qd4+ Kg8 26. g4 hxg4 27. f4 Qb6 28. Kg3 Qd8
29. Kxg4 Nf6+ 30. Kf3 Nh5 31. Rh1 Nb3 32. Bxb3 cxb3 33. Rag1 Rc4 34. Qd2 Qf6
35. Rg5 a5 36. Rhg1 Kf8 37. f5 Re5 38. Re1 gxf5 39. Kg2 f4 40. Rxe5 Qxe5 0-1

[Event "Superettan(Kungstornet-Alingsas)"]
[Site "?"]
[Date "2019.10.19"]
[Round "2"]
[White "Andreasson, Ingvar"]
[Black "Lyrberg, Patrik"]
[Result "0-1"]
[WhiteElo "2329"]
[BlackElo "2460"]
[PlyCount "108"]
1. c4 c6 2. Nf3 d5 3. e3 g6 4. Nc3 Nf6 5. d4 Bg7 6. Be2 O-O 7. O-O b6 8. cxd5
cxd5 9. Bd2 Nc6 10. Qa4 Bb7 11. Rfc1 a6 12. Qd1 b5 13. Be1 Qd6 14. a4 b4 15.
Nb1 a5 16. Nbd2 Nd7 17. Nb3 e5 18. Bb5 exd4 19. exd4 Nd8 20. Rc2 Ne6 21. Rac1
Nb6 22. Nc5 Bc8 23. b3 h6 24. Nxe6 Bxe6 25. Rc6 Qb8 26. Ne5 g5 27. f3 Qd8 28.
Bf2 Nc8 29. Bd3 Ne7 30. Rc7 Rc8 31. Rxc8 Bxc8 32. Qc2 Bxe5 33. dxe5 d4 34. Qc5
Be6 35. Bc4 Nd5 36. Qxd4 Nc3 37. Kf1 Qc8 38. Be1 Bxc4+ 39. Qxc4 Qxc4+ 40. bxc4
Nxa4 41. Ra1 b3 42. Bxa5 b2 43. Rb1 Rc8 44. Ke2 Rxc4 45. Bd2 Rd4 46. Ke3 Rd5
47. Be1 Rxe5+ 48. Kd3 Re8 49. Bd2 Kh7 50. f4 g4 51. Kd4 Rc8 52. Kd3 h5 53. f5
Rc5 54. Be3 Rc3+ 0-1

[Event "Superettan(Kamraterna-Vasteras II)"]
[Site "?"]
[Date "2019.10.19"]
[Round "2"]
[White "Kretz, Johan"]
[Black "Aberg, Anton"]
[Result "1/2-1/2"]
[WhiteElo "2215"]
[BlackElo "2352"]
[PlyCount "71"]
1. d4 d5 2. c4 c6 3. Nf3 Nf6 4. Nc3 dxc4 5. a4 Bf5 6. Ne5 Nbd7 7. Nxc4 Nb6 8.
Ne5 a5 9. g3 e6 10. Bg2 Bb4 11. O-O O-O 12. e3 Bg6 13. Qe2 Re8 14. Rd1 Nbd7 15.
e4 Qc7 16. Bf4 Nxe5 17. Bxe5 Qe7 18. Na2 Bh5 19. Bf3 Bxf3 20. Qxf3 Nd7 21. Bf4
e5 22. dxe5 Nxe5 23. Bxe5 Qxe5 24. Nxb4 axb4 25. Rd7 Qxb2 26. Qxf7+ Kh8 27. Ra2
Qb1+ 28. Kg2 Qxe4+ 29. f3 Qe5 30. Rxb7 Rab8 31. a5 Rf8 32. Rxb8 Rxb8 33. a6 b3
34. a7 bxa2 35. axb8=Q+ Qxb8 36. Qxa2 1/2-1/2

[Event "Superettan(Orgryte-Rockaden,Sthlm II)"]
[Site "?"]
[Date "2019.10.19"]
[Round "2"]
[White "Torngren, Gustav"]
[Black "Eriksson, Dan"]
[Result "1/2-1/2"]
[WhiteElo "2227"]
[BlackElo "2202"]
[PlyCount "113"]
1. Nf3 d5 2. b3 Nc6 3. Bb2 Bg4 4. e3 e5 5. h3 Bxf3 6. Qxf3 g6 7. Qe2 Bg7 8. g3
Nge7 9. Bg2 O-O 10. O-O h5 11. d3 a5 12. a3 Re8 13. Nd2 Nf5 14. Rfd1 d4 15.
Bxc6 bxc6 16. e4 Nd6 17. a4 h4 18. g4 Nb7 19. Nc4 Nc5 20. Bc1 Ne6 21. Bd2 Rf8
22. Nxa5 f5 23. f3 fxe4 24. fxe4 Rxa5 25. Bxa5 Ng5 26. Kg2 Rf3 27. Qxf3 Nxf3
28. Kxf3 Qf8+ 29. Kg2 Qc5 30. Be1 Qxc2+ 31. Rd2 Qc3 32. Rdd1 Qc2+ 33. Bf2 Bh6
34. g5 Bxg5 35. a5 Be3 36. Rf1 Qxd3 37. Bxe3 dxe3 38. a6 e2 39. Rfe1 Qg3+ 40.
Kh1 Qxh3+ 41. Kg1 Qg3+ 42. Kh1 Qf3+ 43. Kh2 Kh7 44. a7 Qf2+ 45. Kh1 h3 46. Rg1
e1=Q 47. Raxe1 Qxa7 48. Rg3 Qf2 49. Rxh3+ Kg7 50. Ree3 g5 51. Rhf3 Qd2 52. Kg1
Kg6 53. Kf1 g4 54. Rg3 Kg5 55. Re2 Qd4 56. Kg2 c5 57. Rge3 1/2-1/2

[Event "Superettan(Kungstornet-Alingsas)"]
[Site "?"]
[Date "2019.10.19"]
[Round "2"]
[White "Glimbrant, Torbjorn"]
[Black "Wengholm, Anders"]
[Result "1-0"]
[WhiteElo "2225"]
[BlackElo "2218"]
[PlyCount "73"]
[SourceDate "2019.10.31"]
1. Nf3 g6 2. e4 Bg7 3. d4 d6 4. Bc4 Nf6 5. Qe2 O-O 6. O-O Nc6 7. Rd1 Nd7 8. c3
e5 9. h3 a6 10. Bb3 h6 11. Be3 Qe7 12. Nbd2 Nf6 13. Bc2 Nh5 14. Nb3 b6 15. Qd2
Kh7 16. Re1 Qf6 17. Nh2 g5 18. Ng4 Qg6 19. Rad1 Nf4 20. f3 h5 21. Nf2 Bh6 22.
g4 Ne7 23. Kh2 Qf6 24. Rg1 Neg6 25. Rdf1 Nh4 26. Qd1 Rh8 27. gxh5 Nxh5 28. Ng4
Bxg4 29. fxg4 Nf4 30. Bxf4 gxf4 31. g5 Bxg5 32. Qh5+ Bh6 33. dxe5 dxe5 34. Rg4
Ng6 35. Qf5 Bg7 36. Rfg1 Kg8 37. Nd2 1-0

[Event "Superettan(Kamraterna-Vasteras II)"]
[Site "?"]
[Date "2019.10.19"]
[Round "2"]
[White "Svensson, Bengt"]
[Black "Janse, Love"]
[Result "1-0"]
[WhiteElo "2310"]
[BlackElo "2237"]
[PlyCount "51"]
1. e4 e6 2. d4 d5 3. Nc3 Bb4 4. e5 c5 5. a3 Bxc3+ 6. bxc3 Qc7 7. Qg4 f5 8. Qg3
cxd4 9. cxd4 Ne7 10. Bd2 O-O 11. Bd3 b6 12. Ne2 Nec6 13. O-O Ba6 14. Rfc1 Rc8
15. c4 dxc4 16. Bxc4 Qd7 17. Qb3 Bxc4 18. Rxc4 Rd8 19. Rac1 Ne7 20. Rc7 Qd5 21.
Qg3 Ng6 22. Nf4 Qxd4 23. Rxg7+ Kh8 24. Rxh7+ Kxh7 25. Qxg6+ Kh8 26. Nxe6 1-0

[Event "Superettan(Orgryte-Rockaden,Sthlm II)"]
[Site "?"]
[Date "2019.10.19"]
[Round "2"]
[White "Crevatin, Leo"]
[Black "Eksmyr, Johan"]
[Result "1-0"]
[WhiteElo "2235"]
[BlackElo "2180"]
[PlyCount "77"]
1. d4 Nf6 2. c4 g6 3. f3 d5 4. cxd5 Nxd5 5. e4 Nb6 6. Nc3 Bg7 7. Be3 O-O 8. Qd2
Nc6 9. O-O-O a6 10. h4 Qd6 11. h5 Rd8 12. hxg6 fxg6 13. d5 Na5 14. Bd4 Nbc4 15.
Bxc4 Nxc4 16. Qf2 e5 17. Bc5 Qf6 18. Qe2 b5 19. Nh3 Bd7 20. b3 Nd6 21. Kb1 a5
22. Be3 Rdb8 23. Ng5 b4 24. Nxh7 Qe7 25. Bg5 Qf7 26. Na4 Nb5 27. Be3 Nc3+ 28.
Nxc3 bxc3 29. Bc5 c6 30. Qf2 cxd5 31. Ng5 Qf4 32. Be3 Qf6 33. Nh7 Qc6 34. exd5
Qa4 35. Ka1 Rxb3 36. Qc2 Rab8 37. Qxg6 Rf8 38. Nxf8 Rb2 39. Rh8+ 1-0

[Event "Superettan(Kungstornet-Alingsas)"]
[Site "?"]
[Date "2019.10.19"]
[Round "2"]
[White "Agrest, Inna"]
[Black "Henriksson, Johan"]
[Result "1/2-1/2"]
[WhiteElo "2320"]
[BlackElo "2264"]
[PlyCount "210"]
1. e4 c6 2. d4 d5 3. f3 e6 4. Nc3 Bb4 5. Nge2 dxe4 6. fxe4 Qh4+ 7. Ng3 Nf6 8.
Qf3 e5 9. dxe5 Ng4 10. h3 Nxe5 11. Qf4 Qxf4 12. Bxf4 Bd6 13. Nce2 O-O 14. O-O-O
Bc7 15. Nf5 Bxf5 16. exf5 Na6 17. Bh2 Nc4 18. Bxc7 Nxc7 19. Nc3 Ne3 20. Rd7
Rac8 21. g4 Rfd8 22. Rxd8+ Rxd8 23. Bd3 Ncd5 24. Nxd5 Nxd5 25. Re1 Kf8 26. Re4
g5 27. fxg6 hxg6 28. h4 Kg7 29. Rd4 c5 30. Re4 Nf6 31. Rf4 Rd4 32. Rxd4 cxd4
33. g5 Ng4 34. Kd2 Ne5 35. Be4 b6 36. Ke2 Kf8 37. Kf2 Ke7 38. Kg3 Kd6 39. Kf4
Nc4 40. b3 Nd2 41. Bd3 a5 42. a4 Kd7 43. Be2 Ke6 44. Bg4+ Kd6 45. h5 gxh5 46.
Bxh5 Ke6 47. Bg4+ Kd6 48. Bh5 Ke6 49. Be2 Kd5 50. Kf5 Kd6 51. Bh5 Ke7 52. Ke5
d3 53. cxd3 Nxb3 54. d4 Nc1 55. Kd5 Na2 56. Kc4 Nb4 57. Kb5 Nd5 58. Bf3 Nc3+
59. Kxb6 Nxa4+ 60. Kxa5 Nc3 61. Kb4 Nb1 62. Bg2 Kd6 63. Kb3 Nd2+ 64. Kc3 Nb1+
65. Kd3 Na3 66. Ke4 Nb5 67. Bf1 Nc7 68. Bc4 Ke7 69. Ke5 Ne8 70. d5 Nd6 71. Bd3
Ne8 72. Kd4 Nd6 73. Kc5 Ne8 74. Bc2 Nd6 75. Kc6 Nc4 76. Kc5 Nd6 77. Kd4 Nb5+
78. Ke5 Nd6 79. Kf4 Nc4 80. Bd3 Nd6 81. Kg4 Ne8 82. Kh5 Nd6 83. Kh6 Kf8 84. Kh7
Ne8 85. Be2 Nd6 86. Bh5 Nf5 87. Bf3 Nd6 88. Kh6 Nf5+ 89. Kh5 Nd6 90. Kg4 Ke7
91. Kf4 Nc4 92. Bh5 Nd6 93. Ke5 Nc4+ 94. Kd4 Nd6 95. Bg4 Ne8 96. Kc5 Nd6 97.
Bf3 Ne8 98. Kc6 Nd6 99. Bh5 Ne8 100. Bxf7 Kxf7 101. Kd7 Ng7 102. Kc6 Nf5 103.
d6 Nxd6 104. Kxd6 Kg6 105. Ke5 Kxg5 1/2-1/2

[Event "Superettan(Kamraterna-Vasteras II)"]
[Site "?"]
[Date "2019.10.19"]
[Round "2"]
[White "Nordebrink, Johan"]
[Black "Madebrink, Lars"]
[Result "1-0"]
[WhiteElo "2117"]
[BlackElo "2175"]
[PlyCount "77"]
1. e4 c5 2. c3 Nf6 3. e5 Nd5 4. Nf3 e6 5. d4 cxd4 6. cxd4 Be7 7. Nc3 Nxc3 8.
bxc3 d5 9. h4 Bd7 10. Bd3 h6 11. h5 Qc7 12. Bd2 Nc6 13. Rh3 Na5 14. Rg3 Bf8 15.
Rb1 Nc4 16. Qb3 Na5 17. Qc2 b6 18. Nh2 Nc4 19. Bc1 f5 20. exf6 gxf6 21. Ng4 Bg7
22. Bxc4 f5 23. Ne3 Bf6 24. Bf1 O-O-O 25. Rg6 Bg5 26. a4 f4 27. Ng4 Be8 28. Ne5
Bxg6 29. hxg6 Rdf8 30. a5 Rf5 31. Nf3 Kd7 32. Bd3 Rff8 33. axb6 axb6 34. Ne5+
Ke8 35. Ba3 Rfg8 36. Qa4+ Kd8 37. Rxb6 Qxc3+ 38. Kf1 Qa1+ 39. Rb1 1-0

[Event "Superettan(Orgryte-Rockaden,Sthlm II)"]
[Site "?"]
[Date "2019.10.19"]
[Round "2"]
[White "Arnelind, Mikael"]
[Black "Nikolic, Vladan"]
[Result "1/2-1/2"]
[WhiteElo "2204"]
[BlackElo "2198"]
[PlyCount "117"]
1. d4 Nf6 2. c4 e6 3. Nc3 Bb4 4. e3 O-O 5. Bd3 c5 6. Nf3 d5 7. O-O dxc4 8. Bxc4
cxd4 9. exd4 b6 10. Bg5 Bb7 11. Re1 Nbd7 12. Rc1 Rc8 13. Bd3 Bxc3 14. bxc3 Qc7
15. Bh4 Rfe8 16. Bg3 Qd8 17. h3 Nf8 18. a4 Ng6 19. Ne5 Nd5 20. Nxg6 hxg6 21.
Qb3 a5 22. Bb5 Bc6 23. c4 Nb4 24. Red1 Qe7 25. Bf4 Red8 26. Qe3 Qb7 27. Qg3 Rd7
28. h4 Bxb5 29. axb5 Qe4 30. Qe3 Qf5 31. Be5 Rcd8 32. f3 Qh5 33. Bg3 Qf5 34.
Bf2 Rc8 35. c5 Nd5 36. Qe4 Rb7 37. c6 Ra7 38. g4 Qf6 39. Bg3 Qe7 40. Qd3 Nb4
41. Qd2 Nd5 42. Rb1 Rca8 43. Kg2 a4 44. Rh1 a3 45. h5 a2 46. Ra1 g5 47. h6 g6
48. h7+ Kh8 49. c7 f6 50. Rhc1 Nxc7 51. Bxc7 Rxc7 52. Rxc7 Qxc7 53. Rxa2 Rxa2
54. Qxa2 Qd7 55. Qa8+ Kxh7 56. Qc6 Qxd4 57. Qxe6 Kg7 58. Qe7+ Kg8 59. Qe8+
1/2-1/2

[Event "Superettan(Kungstornet-Alingsas)"]
[Site "?"]
[Date "2019.10.19"]
[Round "2"]
[White "Andersson, Fredrik"]
[Black "Rasti, Arvin"]
[Result "1-0"]
[WhiteElo "2264"]
[BlackElo "2182"]
[PlyCount "65"]
1. d4 Nf6 2. c4 c5 3. d5 e6 4. Nc3 exd5 5. cxd5 d6 6. e4 g6 7. Bd3 Bg7 8. h3
O-O 9. Nf3 Nh5 10. Bg5 Bf6 11. Be3 Nd7 12. Be2 Re8 13. Nd2 Bd4 14. Bxh5 Bxe3
15. fxe3 gxh5 16. Qxh5 Re5 17. Qf3 b5 18. O-O Qe7 19. Nxb5 Ba6 20. a4 Rb8 21.
Nc4 Bxb5 22. axb5 Rb7 23. Nxe5 Nxe5 24. Qf6 Qxf6 25. Rxf6 Rb6 26. Rxa7 Kg7 27.
Rf2 Kf8 28. Ra6 Rxb5 29. Rxd6 c4 30. Rc2 Rb3 31. Kf2 Nd3+ 32. Ke2 Ke7 33. Rc6
1-0

[Event "Superettan(Kamraterna-Vasteras II)"]
[Site "?"]
[Date "2019.10.19"]
[Round "2"]
[White "Svenn, Matti"]
[Black "Carlsson, Ludvig"]
[Result "1/2-1/2"]
[WhiteElo "2187"]
[BlackElo "2066"]
[PlyCount "129"]
1. e4 d6 2. d4 Nf6 3. Nc3 e5 4. Nf3 Nbd7 5. Bc4 Be7 6. O-O O-O 7. a4 a5 8. Re1
b6 9. Nd5 Bb7 10. c3 Nxd5 11. exd5 e4 12. Rxe4 Nf6 13. Re1 Bxd5 14. Bxd5 Nxd5
15. Qb3 Nf6 16. d5 Nd7 17. Nd4 Bf6 18. Nc6 Qc8 19. Be3 Ne5 20. Bd4 Nxc6 21.
Bxf6 Nb8 22. Bd4 Qd7 23. Qc4 Ra7 24. Re3 c5 25. dxc6 Nxc6 26. Rd1 Nxd4 27. Qxd4
Rb7 28. Qxd6 Qxd6 29. Rxd6 b5 30. axb5 Rxb5 31. Re2 Rfb8 32. g3 g6 33. Ra6 Rxb2
34. Rxb2 Rxb2 35. Rxa5 Rc2 36. Rc5 h5 37. h4 Kg7 38. Kg2 Kf6 39. Kf3 Ke6 40.
Ke3 Kd6 41. Rc8 Ke5 42. f3 Ke6 43. Kf4 Kf6 44. Rc6+ Kg7 45. Rc5 Rc1 46. g4 hxg4
47. fxg4 Rh1 48. h5 gxh5 49. gxh5 Kf6 50. Rc6+ Kg7 51. Rc5 Kf6 52. Ke4 Rh4+ 53.
Kd3 Ke6 54. h6 Kd7 55. Rf5 Ke7 56. Re5+ Kd7 57. Rd5+ Kc7 58. Rf5 Rxh6 59. Rxf7+
Kc6 60. Kc4 Rh4+ 61. Kb3 Rg4 62. Rf6+ Kb5 63. Rf5+ Kb6 64. c4 Rg1 65. Rf6+
1/2-1/2

[Event "Superettan(Orgryte-Rockaden,Sthlm II)"]
[Site "?"]
[Date "2019.10.19"]
[Round "2"]
[White "Bryntze, Stefan"]
[Black "Troberg Eskola, Love"]
[Result "1-0"]
[WhiteElo "2180"]
[BlackElo "2143"]
[PlyCount "103"]
1. f4 g6 2. Nf3 Bg7 3. e3 c5 4. Be2 Nc6 5. O-O Nf6 6. Bb5 Qc7 7. Nc3 a6 8. Bxc6
Qxc6 9. d3 b5 10. Qe1 Bb7 11. Bd2 O-O 12. Qh4 c4 13. Rf2 cxd3 14. cxd3 d5 15.
f5 e6 16. fxg6 fxg6 17. Raf1 Qc7 18. Ne2 a5 19. Ned4 Rae8 20. Ng5 Qd7 21. Bxa5
h6 22. Ngf3 e5 23. Nb3 g5 24. Qb4 Ba8 25. Rc2 e4 26. dxe4 d4 27. Nc5 Qg4 28.
exd4 Nxe4 29. h3 Qg3 30. Nxe4 Bxe4 31. Bc7 Rxf3 32. Bxg3 Rxf1+ 33. Kxf1 Bd3+
34. Kg1 Bxc2 35. Qxb5 Bg6 36. Be5 Bxe5 37. dxe5 Kf7 38. Qd5+ Kg7 39. a4 Bf7 40.
Qd4 Kg6 41. a5 Rc8 42. Qd6+ Kg7 43. Qf6+ Kg8 44. e6 Rc1+ 45. Kh2 Be8 46. Qxh6
Rc5 47. a6 Bc6 48. e7 g4 49. Qf8+ Kh7 50. hxg4 Rc2 51. Qf5+ Kg7 52. Qxc2 1-0

[Event "Superettan(Kungstornet-Alingsas)"]
[Site "?"]
[Date "2019.10.19"]
[Round "2"]
[White "Sorensen, Hampus"]
[Black "Aronsson, Marten"]
[Result "1-0"]
[WhiteElo "2319"]
[BlackElo "2209"]
[PlyCount "73"]
1. d4 Nf6 2. c4 e6 3. Nf3 d5 4. Bg5 Nbd7 5. e3 c6 6. Qc2 Qa5+ 7. Nbd2 Ne4 8.
Bf4 Bb4 9. a3 g5 10. Bg3 g4 11. O-O-O Nxg3 12. hxg3 Bxd2+ 13. Nxd2 f5 14. Rh6
Nf8 15. f3 Qc7 16. fxg4 Qxg3 17. cxd5 cxd5 18. Bb5+ Bd7 19. Bxd7+ Kxd7 20. Qa4+
Kd8 21. gxf5 Qxe3 22. Rh3 Rc8+ 23. Kb1 Qe2 24. Qb3 Qxg2 25. Re3 Rc7 26. fxe6
Ng6 27. Nf3 Kc8 28. Ne5 Nxe5 29. Rxe5 Re8 30. Ka2 Qg4 31. Rd3 Rc6 32. Qxd5
Rexe6 33. Rg5 Qe2 34. Rg8+ Re8 35. Rdg3 Rce6 36. Rc3+ Kb8 37. Qd8+ 1-0

[Event "Superettan(Kamraterna-Vasteras II)"]
[Site "?"]
[Date "2019.10.19"]
[Round "2"]
[White "Bjorkman, Filip"]
[Black "Al Waeli, Laith"]
[Result "1-0"]
[WhiteElo "1996"]
[BlackElo "2056"]
[PlyCount "60"]
1. e4 c6 2. d4 d5 3. e5 Bf5 4. h4 h5 5. Bd3 Bxd3 6. Qxd3 e6 7. Bg5 Qb6 8. Nd2
c5 9. c4 Qxb2 10. Rd1 Qxd4 11. Qb3 Qxe5+ 12. Ne2 Nd7 13. Bf4 Qf5 14. Qxb7 Rd8
15. cxd5 Qxd5 16. Qb5 c4 17. Qa4 Qxg2 18. Rg1 Qb7 19. a3 Bc5 20. Nxc4 Ne7 21.
Nd6+ Bxd6 22. Bxd6 Nf5 23. Bb4 Nxh4 24. Rxg7 Qh1+ 25. Kd2 Qd5+ 26. Kc1 Qc4+ 27.
Nc3 Nf5 28. Rgg1 Nd4 29. Rge1 a5 30. Rxd4 Qxd4 1-0

[Event "Superettan(Orgryte-Rockaden,Sthlm II)"]
[Site "?"]
[Date "2019.10.19"]
[Round "2"]
[White "Fransson, Patrick"]
[Black "Alarik, Martin"]
[Result "1-0"]
[WhiteElo "2125"]
[BlackElo "2064"]
[PlyCount "73"]
1. d4 d5 2. Bg5 h6 3. Bh4 Nf6 4. e3 c5 5. c3 Qb6 6. Qc2 Nc6 7. Nf3 Bg4 8. Nbd2
e6 9. h3 Bxf3 10. Nxf3 Ne4 11. g4 Bd6 12. Rg1 cxd4 13. exd4 Bf4 14. Bd3 Ng5 15.
Be2 O-O-O 16. Rh1 Qc7 17. Qd3 g6 18. Nxg5 hxg5 19. Bg3 e5 20. Bxf4 gxf4 21.
O-O-O exd4 22. Kb1 dxc3 23. Qxc3 Qe5 24. Qc2 Kb8 25. Qd2 Qe4+ 26. Ka1 Qa4 27.
Bf3 g5 28. Qc3 d4 29. Qc5 Nb4 30. a3 Nc2+ 31. Kb1 Rc8 32. Qd6+ Ka8 33. Rd2 Rhd8
34. Qe7 Rd7 35. Qe4 Qb3 36. Rxc2 Qxc2+ 37. Qxc2 1-0

[Event "Superettan(Kungstornet-Alingsas)"]
[Site "?"]
[Date "2019.10.19"]
[Round "2"]
[White "Engstrom, Kaj"]
[Black "Bjorklund, Thomas"]
[Result "1/2-1/2"]
[WhiteElo "2213"]
[BlackElo "2169"]
[PlyCount "107"]
1. e4 e5 2. Nf3 Nc6 3. Bc4 Bc5 4. d3 d6 5. c3 Nf6 6. O-O Bg4 7. Be3 Bb6 8. a4
O-O 9. Nbd2 d5 10. Bb5 Bxe3 11. fxe3 dxe4 12. dxe4 Ne7 13. Be2 Ng6 14. Qb3 Bxf3
15. Nxf3 Qe7 16. Nd2 Qc5 17. Nc4 Rab8 18. Qb5 Nxe4 19. Bf3 a6 20. Qxc5 Nxc5 21.
b4 Nd7 22. Rfd1 Nf6 23. Na5 e4 24. Be2 Ne5 25. Rd4 h6 26. Rad1 Rfc8 27. Nb3 Nc6
28. R4d2 Ne7 29. Nc5 Nf5 30. Kf2 Nd6 31. g4 Re8 32. h3 Re7 33. c4 Ra8 34. Nb3
g6 35. c5 Nde8 36. Rd8 Rxd8 37. Rxd8 Kg7 38. c6 bxc6 39. Bxa6 Nd5 40. Rb8 Re6
41. Nd4 Rf6+ 42. Ke1 c5 43. bxc5 Rxa6 44. Rxe8 Rxa4 45. Rxe4 Kf6 46. Kf2 Rc4
47. c6 Rc3 48. h4 g5 49. hxg5+ hxg5 50. Re8 Ne7 51. Ra8 Ke5 52. Re8 Kf6 53. Ra8
Ke5 54. Re8 1/2-1/2

[Event "Superettan(Kamraterna-Vasteras II)"]
[Site "?"]
[Date "2019.10.19"]
[Round "2"]
[White "Borvander, Tom"]
[Black "Adahl, Mattias"]
[Result "1/2-1/2"]
[WhiteElo "2096"]
[BlackElo "2075"]
[PlyCount "86"]
1. d4 d5 2. c4 e6 3. Nf3 Nf6 4. g3 dxc4 5. Bg2 c5 6. Qa4+ Bd7 7. Qxc4 Bc6 8.
dxc5 Nbd7 9. Nc3 Bxc5 10. O-O Rc8 11. Qb3 O-O 12. Bg5 h6 13. Bxf6 Nxf6 14. Rac1
Qb6 15. Qxb6 Bxb6 16. h3 Rfd8 17. Rcd1 Kf8 18. e3 Ke7 19. Ne5 Bxg2 20. Kxg2 a6
21. Rxd8 Rxd8 22. Rd1 Rxd1 23. Nxd1 Bc7 24. Nd3 Kd6 25. Nc3 Nd7 26. Kf3 Ne5+
27. Ke2 f5 28. h4 Nxd3 29. Kxd3 g5 30. hxg5 hxg5 31. e4 Ke5 32. exf5 exf5 33.
f4+ Ke6 34. Ne2 Kf6 35. Kc4 gxf4 36. gxf4 Kg6 37. Kd5 Kh5 38. Ke6 Kg4 39. Nd4
Kxf4 40. Nxf5 b5 41. Ne7 Ke4 42. Kd7 Be5 43. Kc6 Bxb2 1/2-1/2

[Event "Superettan(Schack 08-Upsala)"]
[Site "?"]
[Date "2019.10.19"]
[Round "2"]
[White "Johansson, Carl Fredrik"]
[Black "Ingbrant, Johan"]
[Result "0-1"]
[WhiteElo "2222"]
[BlackElo "2355"]
[PlyCount "122"]
1. d4 d5 2. c4 dxc4 3. Nf3 Nf6 4. Nc3 c5 5. e3 e6 6. Bxc4 a6 7. O-O b5 8. Bb3
Bb7 9. Qe2 Nbd7 10. Rd1 Qb8 11. Bc2 Bd6 12. h3 O-O 13. e4 cxd4 14. Nxd4 Rd8 15.
a3 h6 16. Be3 Bh2+ 17. Kh1 Bf4 18. Rd2 Bxe3 19. Qxe3 Ne5 20. Bb3 Ng6 21. Rad1
Qc7 22. Kg1 Nf8 23. f4 Qb6 24. Kh2 Rd7 25. e5 Nd5 26. Bxd5 Bxd5 27. Qg3 Rad8
28. Nf5 Ng6 29. Nxd5 Rxd5 30. Rxd5 Rxd5 31. Rxd5 exd5 32. h4 h5 33. Nd6 Nf8 34.
f5 Qd4 35. Nxf7 Kxf7 36. e6+ Nxe6 37. Qg6+ Kf8 38. Qxe6 Qxh4+ 39. Kg1 Qd4+ 40.
Kh1 Qh4+ 41. Kg1 Qd4+ 42. Kh1 Qe4 43. Qd6+ Kg8 44. Qd8+ Kh7 45. Qd7 d4 46. Kg1
Qe5 47. Kf2 Qe3+ 48. Kf1 d3 49. f6 Qc1+ 50. Kf2 Qxb2+ 51. Kg1 Qa1+ 52. Kh2 Qe5+
53. g3 Qxf6 54. Qxd3+ g6 55. Qe3 Qd6 56. Qa7+ Kh6 57. Qe3+ Kg7 58. Kg2 Kf6 59.
Qf3+ Ke5 60. Qe3+ Kd5 61. Kf2 Qc5 0-1